| 000 | 00862nam a2200217 a 4500 | ||
|---|---|---|---|
| 001 | 1482 | ||
| 003 | BR-CuiBMT | ||
| 005 | 20231214124326.0 | ||
| 008 | 231212s2017 scba 000 0 por d | ||
| 040 |
_aBR-CuiBMT _cBR-CuiBMT |
||
| 080 |
_22007 _a347.991 _x(816.4) |
||
| 090 |
_a347.991(816.4) _bT822p |
||
| 110 | 1 | _aTribunal de Contas de Santa Catarina | |
| 245 | 1 | 0 |
_aPara onde vai o seu dinheiro 15 : _bversão simplificada do parecer prévio sobre as contas prestadas pelo Governador do Estado ao Tribunal de Contas de Santa Catarina: exercício 2016 / _cTribunal de Contas de Santa Catarina. |
| 260 |
_aFlorianópolis : _bTribunal de Contas de Santa Catarina, _c2017. |
||
| 300 |
_a93 p. : _bil. color. ; _c21 cm |
||
| 504 | _aInclui bibliografia. | ||
| 650 |
_aAdministração pública _vcontas |
||
| 650 |
_aTribunal de contas _vparecer |
||
| 942 |
_2udc _cLV |
||
| 999 |
_c1482 _d1482 |
||